Every Named One Piece Character - Statistics

General Stats
  • This quiz has been taken 990 times
  • The average score is 226 of 1427
Answer Stats
HINTS ANSWERS % Correct
Straw Hat Pirates Monkey D. Luffy
94%
Straw Hat Pirates Nami
93%
Straw Hat Pirates Roronoa Zoro
93%
Straw Hat Pirates Vinsmoke Sanji
91%
Yakuza Bosses Cho
90%
Straw Hat Pirates Jinbe
90%
Straw Hat Pirates Nico Robin
90%
Straw Hat Pirates Tony Tony Chopper
90%
Straw Hat Pirates Usopp
90%
Straw Hat Pirates Brook
89%
Straw Hat Pirates Franky
88%
Red Hair Pirates Shanks
84%
Arabasta - Royalty Nefertari D. Vivi
83%
Monsters One Shot D.R.
76%
Arlong Pirates Arlong
75%
Revolutionary Army - Leadership Monkey D. Dragon
74%
Revolutionary Army - Leadership Sabo
74%
Cross Guild - Members Alvida
73%
Cross Guild - Leadership Buggy
72%
Red Hair Pirates Yasopp
72%
Whitebeard Pirates - Commanders Portgas D. Ace
71%
Cross Guild - Leadership Crocodile
70%
Revolutionary Army - Commanders Bartholomew Kuma
69%
Black Cat Pirates Kuro
69%
Red Hair Pirates Benn Beckman
68%
Whitebeard Pirates - Commanders Edward Newgate
68%
Blackbeard Pirates - Captains Marshall D. Teach
68%
Heart Pirates Trafalgar D. Water Law
68%
Krieg Pirates Don Krieg
67%
Kid Pirates Eustass Kid
67%
Baratie - Staff Zeff
67%
Donquixote Pirates - Elite Officers Donquixote Doflamingo
66%
Marines - SWORD Koby
66%
Syrup Village Ninjin
66%
Marines - Vice Admirals Smoker
66%
Charlotte Family Charlotte Linlin
65%
Blackbeard Pirates - Captains Kuzan
65%
Marines - Vice Admirals Monkey D. Garp
65%
Arabasta - Royalty Nefertari D. Cobra
65%
Skypiea - Rulers Enel
64%
Bonney Pirates Jewelry Bonney
64%
Beast Pirates - All Stars Kaido
64%
CP0 - Masked Assassins Rob Lucci
64%
Bellamy Pirates Bellamy
63%
Zou - Rulers Carrot
63%
Whitebeard Pirates - Commanders Marco
63%
Marines - Admirals Akainu
62%
Giant Warrior Pirates Brogy
62%
Revolutionary Army - Commanders Emporio Ivankov
62%
Foxy Pirates Foxy
62%
Punk Hazard - Staff Rock
62%
Amazon Lily - Empresses Boa Hancock
61%
Charlotte Family Charlotte Katakuri
61%
Giant Warrior Pirates Dorry
61%
Marines - SWORD Helmeppo
61%
Skypiea - Skypieans Su
61%
Skypiea - God's Army Yama
61%
Krieg Pirates Gin
60%
Arabasta - Palace Staff Ho
60%
CP0 - Masked Assassins | Kyoshiro Family Kaku
60%
Beast Pirates - All Stars King
60%
Marines - Admirals Kizaru
60%
Marines - Captains Morgan
60%
Roger Pirates Gol D. Roger
59%
Thriller Bark Pirates - Mysterious Four Perona
59%
Heart Pirates Bepo
58%
Syrup Village Kaya
58%
Red Hair Pirates Lucky Roux
58%
Syrup Village Merry
58%
Marines - Captains Tashigi
58%
Kid Pirates Killer
57%
Kozuki Family Kozuki Oden
57%
Black Drum Kingdom Wapol
57%
Cocoyashi Village Bell-Mere
56%
Rocks Pirates John
56%
Beast Pirates - All Stars Queen
56%
Cocoyashi Village Nojiko
55%
Arabasta - Palace Staff Pell
55%
Barto Club Bartolomeo
54%
Fire Tank Pirates Capone Bege
54%
CP0 Kalifa
54%
Sakura Kingdom Kureha
54%
Egghead - Main Scientists Vegapunk
54%
Ebisu Town Han
53%
Arabasta - Super Spot-Billed Duck Troops Karoo
53%
Revolutionary Army - Others Koala
53%
Wano's Protector Yamato
53%
Thriller Bark Pirates - Mysterious Four Gecko Moria
52%
Water 7 - Galley La Iceburg
52%
World Government - Rulers Imu
52%
Marines - Commanders Jango
52%
Kozuki Family Kozuki Momonosuke
52%
Rolling Pirates Charlotte Lola
51%
Enies Lobby - Staff Chief Judge Bas
51%
Cross Guild - Leadership Dracule Mihawk
51%
Marines - Admirals Fujitora
51%
Elbaf Loki
51%
On Air Pirates Scratchmen Apoo
51%
Marines - Other High Ranking Sengoku
51%
Germa 66 - Vinsmokes Vinsmoke Niji
51%
Germa 66 - Vinsmokes Vinsmoke Reiju
51%
Charlotte Family Charlotte Pudding
50%
Beast Pirates - All Stars Jack
50%
Thriller Bark pirates - Zombies Lola
50%
Impel Down - Staff Magellan
50%
Dressrosa - Royal Family Rebecca
50%
Germa 66 - Vinsmokes Vinsmoke Judge
50%
Island of Rare Animals Gaimon
49%
Straw Hat Pirates Going Merry
49%
Bounty Hunters Johnny
49%
Nine Red Scabbards Kin'emon
49%
Ryugu Kingdom - Royalty Shirahoshi
49%
CP0 Spandam
49%
Straw Hat Pirates Thousand Sunny
49%
Sakura Kingdom Dalton
48%
Marines - G5 Base Gal
48%
Arlong Pirates Hatchan
48%
Tontatta Pirates - Chiefs Leo
48%
Skypiea - Shandians Nola
48%
Krieg Pirates Pearl
48%
CP0 - Masked Assassins Stussy
48%
Germa 66 - Vinsmokes Vinsmoke Ichiji
48%
Happo Navy Baby 5
47%
Punk Hazard - Staff Caesar Clown
47%
Charlotte Family Charlotte Smoothie
47%
Ohara - Archeologists Clover
47%
Marines - Commanders Fullbody
47%
Lvneel Kingdom Mont Blanc Noland
47%
Water 7 - Galley La Paulie
47%
Happo Navy Sai
47%
Water 7 - Citizens Tom
47%
Germa 66 - Vinsmokes Vinsmoke Yonji
47%
Thriller Bark Pirates - Mysterious Four Absalom
46%
Whitebeard Pirates - Subordinate Captains A O
46%
CP0 Blueno
46%
Charlotte Family Charlotte Oven
46%
Sun Pirates Fisher Tiger
46%
Blackbeard Pirates - Captains Jesus Burgess
46%
Whitebeard Pirates - Commanders Jozu
46%
Blackbeard Pirates - Others Maki
46%
Punk Hazard - Staff Monet
46%
Arabasta - Royalty Nefertari D. Lili
46%
Ryugu Kingdom - Royalty Neptune
46%
Donquixote Pirates - Officers Senor Pink
46%
Roger Pirates Silvers Rayleigh
46%
Sphinx Island Tama
46%
Fallen Monk Pirates Urouge
46%
Ryugu Kingdom - Mermaid Cafe Camie
45%
Beautiful Pirates Cavendish
45%
Charlotte Family Charlotte Cracker
45%
Marines - Commanders Donquixote Rosinante
45%
Sakura Kingdom Hiriluk
45%
Reverie Participants Mari
45%
Cross Guild - Members Mr. 3 Galdino
45%
Marines - SWORD X Drake
45%
Bounty Hunters Yosaku
45%
Charlotte Family Charlotte Perospero
44%
Goa Kingdom - Criminals Curly Dadan
44%
Blackbeard Pirates - Captains Doc Q
44%
Thriller Bark Pirates - Mysterious Four Hogback
44%
CP0 Jabra
44%
Nine Red Scabbards Nekomamushi
44%
Donquixote Pirates - Elite Officers Pica
44%
Black Cat Pirates Sham
44%
Golden Lion Pirates Shiki
44%
Ryugu Kingdom - Mermaid Cafe | Sora, Warrior of the Sea Comic Sora
44%
Germa 66 - Vinsmokes Vinsmoke Sora
44%
Whitebeard Pirates - Commanders Vista
44%
Hawkins Pirates Basil Hawkins
43%
Blackbeard Pirates - Captains Catarina Devon
43%
Arlong Pirates Chew
43%
Beast Pirates - Numbers Hatcha
43%
Rumbar Pirates Laboon
43%
Goa Kingdom - Foosha Village Makino
43%
Baroque Works - Elite Miss Goldenweek (Marianne)
43%
Baroque Works - Elite Miss Merry Christmas (Drophy)
43%
Red Hair Pirates Rockstar
43%
Beast Pirates - Flying Six Ulti
43%
New Fish-Man Pirates Hody Jones
42%
Arabasta - Palace Staff Igaram
42%
Arabasta - Citizens Koza
42%
CP0 Kumadori
42%
Baroque Works - Elite Miss Doublefinger (Zala)
42%
Baroque Works - Elite Miss Valentine (Mikita)
42%
Baroque Works - Elite Mr. 2 Bon Clay (Bentham)
42%
Thriller Bark pirates - Zombies Oars
42%
Baratie - Staff Patty
42%
Zou - Guardians Pedro
42%
Donquixote Pirates - Elite Officers Trebol
42%
Big Mom Pirates - Captain's Homies Zeus
42%
Beast Pirates - Flying Six Black Maria
41%
Orange Town Chouchou
41%
Donquixote Pirates - Elite Officers Diamante
41%
Ideo Pirates Ideo
41%
Revolutionary Army - Deputy Commanders Inazuma
41%
Water 7 - Train Station Kokoro
41%
Kozuki Family Kozuki Hiyori
41%
Kurozumi Family Kurozumi Kanjuro
41%
Saruyama Alliance Mont Blanc Cricket
41%
World Economic Journal Morgans
41%
Baroque Works - Frontier Agents Mr. 9
41%
Ryugu Kingdom - Citizens | Sun God Nika
41%
Blackbeard Pirates - Captains Shiryu
41%
Donquixote Pirates - Elite Officers Vergo
41%
Dressrosa - Royal Family Viola
41%
Skypiea - Shandians Wyper
41%
Arabasta - Palace Staff Chaka
40%
Cocoyashi Village Genzo
40%
Nine Red Scabbards Inuarashi
40%
Marines - Vice Admirals Tsuru
40%
Roger Pirates Crocus
39%
Skypiea - Rulers Gan Fall
39%
New Giant Warrior Pirates Hajrudin
39%
Marines - Rear Admirals Hina
39%
Revolutionary Army - Commanders Karasu
39%
Baroque Works - Frontier Agents Miss Monday
39%
Revolutionary Army - Commanders Morley
39%
Baroque Works - Frontier Agents Mr. 7
39%
Cross Guild - Members Richie
39%
Thriller Bark pirates - Zombies Shimotsuki Ryuma
39%
Donquixote Pirates - Officers Sugar
39%
Beast Pirates - Flying Six Who's Who
39%
Skypiea - Skypieans Conis
38%
Kozuki Family Kozuki Toki
38%
Kurozumi Family Kurozumi Orochi
38%
Blackbeard Pirates - Captains Laffitte
38%
Baroque Works - Unluckies Mr. 13
38%
Cross Guild - Members Mr. 1 Daz Bonez
38%
Beast Pirates - Flying Six Page One
38%
Heart Pirates Penguin
38%
World Government - Nobles Saint Charlos
38%
Amazon Lily - Empresses Shakuyaku
38%
Blackbeard Pirates - Captains Van Augur
38%
Egghead - Main Scientists York
38%
Revolutionary Army - Commanders Belo Betty
37%
Cross Guild - Members Cabaji
37%
Ryugu Kingdom - Citizens Den
37%
Red Hair Pirates Gab
37%
Arlong Pirates Kuroobi
37%
Dressrosa - Civilians Kyros
37%
Baroque Works - Frontier Agents Mr. 6
37%
Ohara - Archeologists Nico Olvia
37%
Roger Pirates Scopper Gaban
37%
Syrup Village Tamanegi
37%
Amazon Lily - Kuja Pirates Boa Marigold
36%
Amazon Lily - Kuja Pirates Boa Sandersonia
36%
Ancient Shandia Kalgara
36%
Blackbeard Pirates - Captains Vasco Shot
36%
Blackbeard Pirates - Captains Avalo Pizarro
35%
Water 7 - Train Station Chimney
35%
Amazon Lily - Empresses Gloriosa
35%
Ohara - Archeologists | Revolutionary Army - Others Hack
35%
Big Mom Pirates - Captain's Homies | Dressrosa - Corrida Colosseum Hera
35%
Kid Pirates Jaguar
35%
Relevant Figure From the Void Century Joy Boy
35%
Baroque Works - Unluckies Miss Friday
35%
Nine Red Scabbards Raizo
35%
Marines - Admirals Ryokugyu
35%
Blackbeard Pirates - Captains Sanjuan Wolf
35%
Marines - Captains Shu
35%
Whitebeard Pirates - Commanders Thatch
35%
Baratie - Staff Carne
34%
Charlotte Family Charlotte Brulee
34%
Fire Tank Pirates Charlotte Chiffon
34%
Bliking Pirates Chess
34%
Nine Red Scabbards Denjiro
34%
Whitebeard's Self-Proclaimed Family Edward Weevil
34%
Tontatta Kingdom - Royalty Mansherry
34%
Cross Guild - Members Mohji
34%
Baroque Works - Frontier Agents Mr. 11
34%
Black Cat Pirates Buchi
33%
Happo Navy Don Chinjao
33%
Rosy Life Riders Duval
33%
Amazon Lily - Citizens Kiku
33%
Egghead - Main Scientists Lilith
33%
Baroque Works - Frontier Agents Mr. 12
33%
Joke Characters Pandaman
33%
Shimotsuki Family Shimotsuki Kuina
33%
Happo Navy Boo
32%
Foxy Pirates Hamburg
32%
Nine Red Scabbards Kawamatsu
32%
Baroque Works - Frontier Agents Mr. 10
32%
Skypiea - God's Army Ohm
32%
Ryugu Kingdom - Royalty Otohime
32%
Ryugu Kingdom - Citizens Pappag
32%
Big Mom Pirates Pekoms
32%
Skypiea - God's Army Satori
32%
Egghead - Others Sentomaru
32%
Zou - Musketeers Wanda
32%
Fake Straw Hat Crew - Recruits Caribou
31%
Donquixote Pirates - Officers Dellinger
31%
Revolutionary Army - Commanders Ginny
31%
Impel Down - Staff Hannyabal
31%
Giant Warrior Pirates Oimo
31%
Syrup Village Piiman
31%
Foxy Pirates Porche
31%
Egghead - Seraphim S-Hawk
31%
Egghead - Seraphim S-Snake
31%
Skypiea - Shandians Aisa
30%
Nine Red Scabbards Ashura Doji
30%
Whitebeard Pirates - Commanders Izou
30%
Water 7 - Franky Family Kiwi
30%
Donquixote Pirates - Officers Lao G
30%
Revolutionary Army - Commanders Lindbergh
30%
Red Hair Pirates Monster
30%
Goa Kingdom - Foosha Village Woop Slap
30%
Charlotte Family Charlotte Daifuku
29%
Ryugu Kingdom - Royalty Fukaboshi
29%
Skypiea - God's Army Gedatsu
29%
Heart Pirates Jean Bart
29%
Giant Warrior Pirates Kashi
29%
Baroque Works - Frontier Agents Miss Thursday
29%
Big Mom Pirates - Captain's Homies Prometheus
29%
Pacifista PX-1
29%
Marines - Other Personnel Rika
29%
Rocks Pirates Rocks D. Xebec
29%
Egghead - Main Scientists Shaka
29%
CP9 - Previous Spandine
29%
Blackbeard Pirates - Others Stronger
29%
Zou - Citizens Zunesha
29%
Egghead - Main Scientists Atlas
28%
Donquixote Pirates - Officers Buffalo
28%
CP0 Fukurou
28%
CP0 - Companions Hattori
28%
World Government - Employees Kong
28%
Whitebeard Pirates - Subordinate Captains Little Oars Jr.
28%
Baroque Works - Frontier Agents Miss Tuesday
28%
Big Mom Pirates - Captain's Homies Napoleon
28%
Yonta Maria Grand Fleet Orlumbus
28%
Bellamy Pirates Sarquiss
28%
Beast Pirates - Flying Six Sasaki
28%
Egghead - Seraphim S-Shark
28%
Impel Down - Staff Domino
27%
Kid Pirates Heat
27%
Red Hair Pirates Limejuice
27%
Baroque Works - Frontier Agents Miss Father's Day
27%
Marines - Vice Admirals Momonga
27%
Water 7 - Franky Family Mozu
27%
Red Hair Fleet Oli
27%
Pacifista PX-4
27%
Pacifista PX-5
27%
Egghead - Seraphim S-Bear
27%
Egghead - Main Scientists Edison
26%
Boin Archipelago Heracles
26%
Elbaf Jaguar D. Saul
26%
Baroque Works - Frontier Agents Miss Saturday
26%
CP9 - Previous Nero
26%
Skypiea - Skypieans Pagaya
26%
Pacifista PX-7
26%
Dressrosa - Royal Family Scarlett
26%
Rumbar Pirates Yorki
26%
Charlotte Family Charlotte Mont-d'Or
25%
Fake Straw Hat Crew Demaro Black
25%
CP0 - Companions Funkfreed
25%
Amazon Lily - Kuja Pirates Marguerite
25%
Arabasta - Royalty Nefertari Titi
25%
Skypiea - Skypieans Pierre
25%
Big Mom Pirates Tamago
25%
Shimotsuki Family Toko
25%
Flying Pirates Vander Decken
25%
Orange Town Boodle
24%
Underworld Carmel
24%
Water 7 - Train Station Gonbe
24%
Bliking Pirates Kuromarimo
24%
Saruyama Alliance Masira
24%
Baroque Works - Elite Mr. 5 (Gem)
24%
Heart Pirates Shachi
24%
Whitebeard Pirates - Subordinate Captains Squard
24%
Water 7 - Galley La Tilestone
24%
Arabasta - Citizens Toto
24%
Red Hair Pirates Uta
24%
Goa Kingdom - Criminals Bluejam
23%
Donquixote Pirates - Officers Giolla
23%
Donquixote Pirates - Officers Gladius
23%
Bellamy Pirates Lily
23%
Arlong Pirates Momoo
23%
Baterilla Island Portgas D. Rouge
23%
Egghead - Main Scientists Pythagoras
23%
Impel Down - Staff Sadie
23%
Water 7 - Franky Family Sodom
23%
Beast Pirates - Headliners Speed
23%
Fire Tank Pirates Vito
23%
Kid Pirates Wire
23%
Ideo Pirates Blue Gilly
22%
Red Hair Pirates Bonk Punch
22%
Red Hair Pirates Building Snake
22%
Charlotte Family Charlotte Snack
22%
Yakuza Bosses Hyogoro
22%
Giant Warrior Pirates Jarul
22%
Marines - Vice Admirals John Giant
22%
Nine Red Scabbards Kikunojo
22%
Donquixote Pirates - Officers Machvise
22%
Cover Story - Karakuri | Macro Pirates Macro
22%
Ryugu Kingdom - Royalty Manboshi
22%
Impel Down - Jailer Beasts Minotaurus
22%
World Government - Rulers Saint Jaygarcia Saturn
22%
Skypiea - God's Army Shura
22%
Water 7 - Train Station Yokozuna
22%
Fire Tank Pirates - Family Capone Pez
21%
Charlotte Family Charlotte Flampe
21%
Marines - Vice Admirals Doberman
21%
New Giant Warrior Pirates Gerd
21%
Water 7 - Franky Family Gomorrah
21%
Impel Down - Staff Saldeath
21%
Kozuki Family - Other Retainers Shinobu
21%
Marines - Vice Admirals T-Bone
21%
Water 7 - Franky Family Zambai
21%
Sun Pirates Aladine
20%
Charlotte Family Charlotte Opera
20%
Fake Straw Hat Crew - Recruits Coribou
20%
Impel Down - Jailer Beasts Minokoala
20%
Baroque Works - Frontier Agents Miss Mother's Day
20%
Baroque Works - Elite Mr. 4 (Babe)
20%
Dressrosa - Royal Family Riku Doldo III
20%
Ryugu Kingdom - Royalty Ryuboshi
20%
World Government - God's Knights Saint Figarland Garling
20%
Shimotsuki Family Shimotsuki Yasuie
20%
Saruyama Alliance Shoujou
20%
Cipher Pol - 1-8 Wanze
20%
Foxy Pirates - Former Big Pan
19%
Marines - Vice Admirals Doll
19%
Fire Tank Pirates Gotti
19%
Goa Kingdom - Criminals Higuma
19%
Red Hair Pirates Hongo
19%
Skypiea - God's Army Hotori
19%
Thriller Bark pirates - Zombies Nin
19%
Senor Pink's Family Russian
19%
Long Ring Long Land Tonjit
19%
Loguetown Yu
19%
Ideo Pirates Abdullah
18%
Baroque Works - Other Members Banchi
18%
Charlotte Family Charlotte Amande
18%
Sun Pirates Charlotte Praline
18%
Marines - Vice Admirals Dalmatian
18%
Loguetown Ipponmatsu
18%
Skypiea - God's Army Kotori
18%
Impel Down - Jailer Beasts Minozebra
18%
Punk Hazard - Children Mocha
18%
Skypiea - Shandians Raki
18%
New Giant Warrior Pirates Road
18%
World Government - Rulers Saint Marcus Mars
18%
Long Ring Long Land Shelly
18%
Goa Kingdom - Royalty Sterry
18%
Marines - Vice Admirals Strawberry
18%
Amazon Lily - Kuja Pirates Sweet Pea
18%
Thriller Bark pirates - Zombies Victoria Cindry
18%
Whitebeard Pirates - Subordinate Captains Whitey Bay
18%
Skypiea - God's Army Holy
17%
Ideo Pirates Jeet
17%
Giant Warrior Pirates Jorul
17%
Baroque Works - Other Members Lassoo
17%
Fire Tank Pirates - Family Pound
17%
Marines - SWORD Prince Grus
17%
Shells Town Ririka
17%
World Government - Rulers Saint Topman Warcury
17%
Arabasta - Palace Staff Terracotta
17%
Flying Pirates Wadatsumi
17%
Amazon Lily - Kuja Pirates Aphelandra
16%
Syrup Village Banchina
16%
Whitebeard Pirates - Commanders Blamenco
16%
Prodence Kingdom Elizabello II
16%
Flower Capital Hara
16%
Marines - SWORD Hibari
16%
Skypiea - Shandians Kamakiri
16%
Kozuki Family Kozuki Sukiyaki
16%
Thriller Bark pirates - Zombies Kumashi
16%
Marines - Captains Nezumi
16%
Foxy Pirates - Former Pickles
16%
Zou - Musketeers Shishilian
16%
Ryugu Kingdom - Mermaid Cafe Shyarly
16%
Marines - Vice Admirals Bastille
15%
Skypiea - Shandians Braham
15%
Charlotte Family Charlotte Montb
15%
Enies Lobby - Staff Chief Judge And
15%
New Giant Warrior Pirates Goldberg
15%
Spade Pirates Masked Deuce
15%
Ryugu Kingdom - Palace Staff Minister of the Left
15%
Ryugu Kingdom - Palace Staff Minister of the Right
15%
Whitebeard's Self-Proclaimed Family Miss Buckingham Stussy (Bakkin)
15%
Water 7 - Galley La Peepley Lulu
15%
Orange Town - Giant Bird Pinky
15%
World Government - Rulers Saint Ethanbaron V. Nusjuro
15%
Beast Pirates - Others | Punk Hazard - Staff Scotch
15%
New Giant Warrior Pirates | Sabaody Archipelago - Former Slaves Stansen
15%
New Fish-Man Pirates Zeo
15%
Charlotte Family Charlotte Compo
14%
Yonta Maria Grand Fleet Columbus
14%
Kid Pirates Compo
14%
Sabaody Archipelago - Citizens Disco
14%
CP0 - Masked Assassins Guernica
14%
Flower Capital Hana
14%
Weatheria Haredas
14%
Alvida Pirates Heppoko
14%
Cipher Pol - 1-8 Jerry
14%
Skypiea - Skypieans McKinley
14%
Impel Down - Jailer Beasts Minorhinoceros
14%
Alvida Pirates Peppoko
14%
Alvida Pirates Poppoko
14%
Water 7 - Galley La Tyrannosaurus
14%
Beast Pirates - Gifters Batman
13%
Charlotte Family Charlotte Compote
13%
Charlotte Family Charlotte Mash
13%
Enies Lobby - Staff Chief Judge Kerville
13%
Skypiea - Shandians Genbo
13%
Cover Story - Sea Floor Stroll Mash
13%
Arabasta - Super Spot-Billed Duck Troops Matsuge
13%
Impel Down - Jailer Beasts Minochihuahua
13%
Whitebeard Pirates - Commanders Namur
13%
Blackbeard Pirates - Subordinate Captains Peachbeard
13%
Goa Kingdom - Criminals Porchemy
13%
Joke Characters Sam
13%
Punk Hazard - Others Smiley
13%
Beautiful Pirates Suleiman
13%
Skypiea - Skypieans Amazon
12%
Marines - Other High Ranking Bogard
12%
Thriller Bark pirates - Zombies Cerberus
12%
Charlotte Family Charlotte Galette
12%
Fake Straw Hat Crew Chocolat
12%
Whitebeard Pirates - Commanders Curiel
12%
Senor Pink's Family Gimlet
12%
Warlord That Ace Defeated (SBS) Hanafuda
12%
Whitebeard Pirates - Commanders Haruta
12%
Thriller Bark pirates - Zombies Hildon
12%
Big Mom Pirates - Homies Kingbaum
12%
Marines - SWORD Kujaku
12%
Goa Kingdom - Foosha Village Lord of the Coast
12%
Ancient Shandia Mousse
12%
Rocks Pirates Ochoku
12%
Joke Characters Pandawoman
12%
Amazon Lily - Kuja Pirates Ran
12%
Bliking Pirates Robson
12%
World Government - Nobles Saint Donquixote Mjosgard
12%
World Government - Nobles Saint Rosward
12%
Island of Rare Animals Sarfunkel
12%
Rocks Pirates Silver Axe
12%
Big Mom Pirates Streusen
12%
Whitebeard Pirates - Commanders Atmos
11%
New Fish-Man Pirates Daruma
11%
Goa Kingdom - Criminals Dogra
11%
Beast Pirates - Gifters Gazelleman
11%
Cover Story - Hot-Spring Island Goro
11%
Ryugu Kingdom - Citizens Ichika
11%
Little Garden Island Eater
11%
Dressrosa - Corrida Colosseum Kelly Funk
11%
Black Drum Kingdom Kinderella
11%
Marines - Vice Admirals Onigumo
11%
Ryugu Kingdom - Royalty Poseidon
11%
World Government - Nobles Saint Donquixote Homing
11%
Marines - Captains Very Good
11%
Revolutionary Army - Deputy Commanders Ahiru
10%
Beast Pirates - Headliners Babanuki
10%
Marines - Vice Admirals Bluegrass
10%
Dressrosa - Corrida Colosseum Bobby Funk
10%
Marines - Commodores Brannew
10%
Revolutionary Army - Others Bunny Joe
10%
Foxy Pirates - Former Capote
10%
New Fish-Man Pirates Dosun
10%
Whitebeard Pirates - Commanders Fossa
10%
Reverie Participants Ham Burger
10%
Orange Town Hocker
10%
New Fish-Man Pirates Hyouzou
10%
Ryugu Kingdom - Palace Staff Megalo
10%
Revolutionary Army - Others Moda
10%
World Government - Nobles Saint Shalria
10%
Ryugu Kingdom - Citizens Sanka
10%
New Fish-Man Pirates - Others Surume
10%
Ryugu Kingdom - Citizens Yonka
10%
Cipher Pol - 1-8 Alpha
9%
Big Mom Pirates Bobbin
9%
Bliking Pirates Chessmarimo
9%
Fake Straw Hat Crew Cocoa
9%
Arabasta - Super Spot-Billed Duck Troops Cowboy
9%
Oniwabanshu Fukurokuju
9%
Skypiea - God's Army Fuza
9%
Dressrosa - Civilians Gatz
9%
Krieg Pirates Ideaman
9%
New Fish-Man Pirates Ikaros Much
9%
Tontatta Pirates - Aviation Squad Kabu
9%
Goa Kingdom - Criminals Magra
9%
Marines - Commanders Ripper
9%
Rolling Pirates Risky Brothers
9%
Mock Town - Pirates Roshio
9%
Shimotsuki Family Shimotsuki Koushirou
9%
Whitebeard Pirates - Commanders Speed Jiru
9%
Little Garden - Ranch Girl Yuki
9%
Zou - Citizens Zepo
9%
Thriller Bark pirates - Zombies Bao
8%
Baratie - Customers Batchee
8%
Whitebeard Pirates - Commanders Blenheim
8%
Charlotte Family Charlotte Anana
8%
Charlotte Family Charlotte Cinnamon
8%
Charlotte Family Charlotte Moscato
8%
Charlotte Family Charlotte Raisin
8%
Sorbet Kingdom Conney
8%
World Government - Employees Corgi
8%
Prodence Kingdom Dagama
8%
Fake Straw Hat Crew Drip
8%
New Fish-Man Pirates - Others Hammond
8%
Ryugu Kingdom - Palace Staff Hoe
8%
Foxy Pirates - Former Itomimizu
8%
Thriller Bark pirates - Zombies Jigoro
8%
CP0 - Masked Assassins Joseph
8%
Whitebeard Pirates - Commanders Kingdew
8%
Baratie - Customers Moodie
8%
Syrup Village Mornin
8%
Goa Kingdom - Nobles Outlook III
8%
Amazon Lily - Kuja Pirates Salome
8%
World Government - Noble's Pet Saru
8%
Ancient Shandia Seto
8%
Beast Pirates - Headliners Sheepshead
8%
Shells Town Soro
8%
Tontatta Kingdom - Civilians Tarara
8%
Law's Flashback Trafalgar Lami
8%
Kid Pirates UK
8%
Tontatta Pirates - Recon Squad Wicca
8%
Marines - Vice Admirals Yamakaji
8%
Water 7 - Galley La Alice
7%
Arabasta - Palace Staff Barrel
7%
Tontatta Pirates - Aviation Squad Bian
7%
Marines - G5 Base | Tontatta Pirates - Chiefs Bomba
7%
Marines - Vice Admirals Cancer
7%
Cocoyashi Village Chabo
7%
Punk Hazard - Staff Chadros Higelyges
7%
Charlotte Family Charlotte Citron
7%
Charlotte Family Charlotte Custard
7%
Charlotte Family Charlotte Gala
7%
Charlotte Family Charlotte High-Fat
7%
Charlotte Family Charlotte Mascarpone
7%
Charlotte Family Charlotte Newshi
7%
Island of Rare Animals Cocox
7%
Cocoyashi Village Daddy Dee
7%
Beast Pirates - Headliners Daifugo
7%
Amazon Lily - Kuja Pirates Daisy
7%
Whitebeard Pirates - Subordinate Captains Decalvan Brothers
7%
Egghead - Others Emet
7%
Beautiful Pirates Farul
7%
Hawkins Pirates Faust
7%
Beast Pirates - Numbers Fuga
7%
Barto Club Gambia
7%
Beast Pirates - Headliners Holed'em
7%
Bakura Town | Heart Pirates Ikkaku
7%
Thriller Bark pirates - Zombies Inuppe
7%
Loguetown Ipponume
7%
Skypiea - Shandians Isa
7%
Arabasta - Super Spot-Billed Duck Troops Ivan X
7%
Arabasta - Citizens Kappa
7%
Raijin Island Kasa
7%
Miner That Buggy Meets Master
7%
Marines - Vice Admirals Maynard
7%
Whitebeard Pirates - Subordinate Captains McGuy
7%
Skypiea - Skypieans Mochi
7%
Marines - Vice Admirals Momousagi
7%
Foxy Pirates - Former Monda
7%
Baroque Works - Millions Mr. Beans
7%
Baroque Works - Billions Mr. Love
7%
Dressrosa - Corrida Colosseum Mummy
7%
Cocoyashi Village Nako
7%
Sabaody Archipelago - Citizens Peterman
7%
Arlong Pirates Pisaro
7%
Orange Town Poro
7%
Whitebeard Pirates - Commanders Rakuyo
7%
Baratie - Customers Roxanne
7%
Spade Pirates Skull
7%
Impel Down - Others Sphinx
7%
Marines - Vice Admirals Stainless
7%
Mock Town - Citizens Terry
7%
Dressrosa - Civilians Ucy
7%
Ryugu Kingdom - Citizens Yonka Two
7%
Arabasta - Palace Staff Arrow
6%
World Economic Journal Attach
6%
Amazon Lily - Kuja Pirates Bacura
6%
Amazon Lily - Citizens Belladonna
6%
Zou - Guardians Blackback
6%
Blackbeard Pirates - Others Camel
6%
Charlotte Family Charlotte Allmeg
6%
Charlotte Family Charlotte Angel
6%
Charlotte Family Charlotte Broye
6%
Charlotte Family Charlotte Cabaletta
6%
Charlotte Family Charlotte Cadenza
6%
Charlotte Family Charlotte Counter
6%
Charlotte Family Charlotte Hachee
6%
Charlotte Family Charlotte Joscarpone
6%
Charlotte Family Charlotte Mondee
6%
Charlotte Family Charlotte Newji
6%
Charlotte Family Charlotte Newsan
6%
Charlotte Family Charlotte Nutmeg
6%
Charlotte Family Charlotte Saint-Marc
6%
Beast Pirates - Headliners Ginrummy
6%
Kage Kage no Mi Victims Goo
6%
Macro Pirates Gyaro
6%
Beast Pirates - Headliners Hamlet
6%
Golden Lion Pirates Indigo
6%
Ryugu Kingdom - Mermaid Cafe Ishilly
6%
Amazon Lily - Citizens Kikyo
6%
Kurozumi Family Kurozumi Higurashi
6%
CP9 - Previous Laskey
6%
CP0 - Masked Assassins Maha
6%
Water 7 - Citizens Michael
6%
Baroque Works - Millions Miss Catherina
6%
Baroque Works - Billions Mr. Mellow
6%
Cocoyashi Village Mummy Mee
6%
Black Cat Pirates Nugire Yainu
6%
Shimotsuki Family - Subordinate Onimaru
6%
Marines - Vice Admirals Red King
6%
World Government - Rulers Saint Shepard Ju Peter
6%
Shimotsuki Family Shimotsuki Ushimaru
6%
Punk Hazard - Children Sind
6%
Roger Pirates Sunbell
6%
Reverie Participants Tacos
6%
Thriller Bark pirates - Zombies Tararan
6%
Blackbeard Pirates - Others Tori
6%
Amazon Lily - Kuja Pirates Blue Fan
5%
Arabasta - Super Spot-Billed Duck Troops Bourbon Jr.
5%
Arabasta - Palace Staff Brahm
5%
Charlotte Family Charlotte Akimeg
5%
Charlotte Family Charlotte Anglais
5%
Charlotte Family Charlotte Basskarte
5%
Charlotte Family Charlotte Bavarois
5%
Charlotte Family Charlotte Brownie
5%
Charlotte Family Charlotte De-Chat
5%
Charlotte Family Charlotte Dolce
5%
Charlotte Family Charlotte Dosmarche
5%
Charlotte Family Charlotte Dragee
5%
Charlotte Family Charlotte Fuyumeg
5%
Charlotte Family Charlotte Harumeg
5%
Charlotte Family Charlotte Joconde
5%
Charlotte Family Charlotte Kato
5%
Charlotte Family Charlotte Mobile
5%
Charlotte Family Charlotte Myukuru
5%
Charlotte Family Charlotte Newgo
5%
Charlotte Family Charlotte Newichi
5%
Charlotte Family Charlotte Noisette
5%
Charlotte Family Charlotte Nougat
5%
Charlotte Family Charlotte Nusstorte
5%
Charlotte Family Charlotte Poire
5%
Charlotte Family Charlotte Tablet
5%
Charlotte Family Charlotte Wafers
5%
Charlotte Family Charlotte Yuen
5%
Marines - Vice Admirals Chaton
5%
Goa Kingdom - Foosha Village Chicken
5%
Foxy Pirates - Former Chuchun
5%
Zou - Musketeers Concelot
5%
Germa 66 - Citizens Cosette
5%
Cover Story - Karakuri Cosmo
5%
Goa Kingdom - Nobles Didit
5%
Whitebeard Pirates - Subordinate Captains Doma
5%
Bellamy Pirates Eddy
5%
Arabasta - Citizens Erik
5%
Red Hair Fleet Fugar
5%
Baratie - Customers Gally
5%
Tontatta Kingdom - Royalty Gancho
5%
Red Hair Fleet Gerotini
5%
Foxy Pirates - Former Gina
5%
Zou - Musketeers Giovanni
5%
Bonney Pirates Gyogyo
5%
Arabasta - Citizens Hasami
5%
Kid Pirates Hip
5%
Water 7 - Citizens Hoichael
5%
Marines - Vice Admirals Hound
5%
Krieg Pirates Hustle
5%
Marines - Lieutenants/Enigns Isuka
5%
Dressrosa - Corrida Colosseum Jean Ango
5%
Water 7 - Franky Family Kiev
5%
Perona's Pet as a Child (SBS) Kumae
5%
Kurozumi Family Kurozumi Semimaru
5%
Donquixote Pirates - Others Kyuin
5%
Marines - Vice Admirals Lacroix
5%
Big Mom Pirates - Homies Lady Tree
5%
Island of Rare Animals Lionbuta
5%
Authors Louis Arnote
5%
Fake Straw Hat Crew Manjaro
5%
Sabaody Archipelago - Citizens Marie
5%
Long Ring Long Land Master of the Waters
5%
Zou - Guardians Milky
5%
Rosy Life Riders Motobaro
5%
Baratie - Customers Motzel
5%
Fake Straw Hat Crew Mounblutain
5%
Big Mom Pirates - Homies Nitro
5%
Ryugu Kingdom - Citizens Octopako
5%
Ohara - Citizens Oran
5%
Mother Carmel's Homies Pandora
5%
Beast Pirates - Headliners Poker
5%
Marines - Vice Admirals Pomsky
5%
Amazon Lily - Citizens Poppy
5%
Bonney Pirates Potato
5%
Marines - Commodores Pudding Pudding
5%
Red Hair Fleet Pururu
5%
Kano Kingdom Ramen
5%
Big Mom Pirates - Homies Randolph
5%
Kyuka Island Samurai Batts
5%
Shimotsuki Family Shimotsuki Kozaburo
5%
Arabasta - Super Spot-Billed Duck Troops Stomp
5%
Water 7 - Franky Family Tamagon
5%
Dressrosa - Civilians Tank Lepanto
5%
Joke Characters Tomato Gang
5%
Zou - Citizens Tristan
5%
Amazon Lily - Empresses Tritoma
5%
Fake Straw Hat Crew Turco
5%
Heart Pirates Uni
5%
Revolutionary Army - Deputy Commanders Ushiano
5%
Skypiea - Trespasser Killed in Front of Nami Zabo
5%
Baroque Works - Billions Akumai
4%
Fake Straw Hat Crew - Recruits Albion
4%
Beast Pirates - Gifters Alpacaman
4%
Whitebeard Pirates - Subordinate Captains Andre
4%
Spade Pirates Banshee
4%
Beast Pirates - Headliners Bao Huang
4%
Impel Down - Others Basilisk
4%
Giant Warrior Pirates Bjorn
4%
Tontatta Pirates - Others Bobomba
4%
Little Garden Brontosaurus
4%
Kid Pirates Bubblegum
4%
Water 7 - Citizens Bushon
4%
Cover Story - St. Poplar Candy
4%
Reverie Participants Chap
4%
Charlotte Family Charlotte Chiboust
4%
Charlotte Family Charlotte Cornstarch
4%
Charlotte Family Charlotte Dacquoise
4%
Charlotte Family Charlotte Maple
4%
Charlotte Family Charlotte Marble
4%
Charlotte Family Charlotte Marnier
4%
Charlotte Family Charlotte Melise
4%
Charlotte Family Charlotte Mozart
4%
Charlotte Family Charlotte Normande
4%
Charlotte Family Charlotte Panna
4%
Charlotte Family Charlotte Prim
4%
Charlotte Family Charlotte Wiro
4%
Charlotte Family Charlotte Zuccotto
4%
Marines - Vice Admirals Comil
4%
Amazon Lily - Kuja Pirates Cosmos
4%
Tontatta Pirates - Recon Squad Cotton
4%
Law's Flashback Diez Barrels
4%
Punk Hazard - Children Doran
4%
Underworld Drug Peclo
4%
Kid Pirates Emma
4%
Tontatta Pirates - Others Flapper
4%
Beast Pirates - Headliners Fourtricks
4%
Revolutionary Army - Deputy Commanders Gambo
4%
Foxy Pirates - Former George Mach
4%
Skypiea - God's Army Gode
4%
Marines - Captains Gorilla
4%
Ohara - Archeologists Gram
4%
Marines - Vice Admirals Guillotine
4%
Thriller Bark pirates - Zombies Gyoro
4%
New Fish-Man Pirates - Others Gyro
4%
Loguetown Hanger
4%
Ancient Shandia Herb
4%
Arabasta - Super Spot-Billed Duck Troops Hikoichi
4%
Revolutionary Army - Deputy Commanders Jiron
4%
Beast Pirates - Numbers Juki
4%
Arlong Pirates Kaneshiro
4%
Arabasta - Super Spot-Billed Duck Troops Kentauros
4%
Karakuri Island Kitton
4%
Amigasa Village Komachiyo
4%
Fake Straw Hat Crew - Recruits Lip Doughty
4%
Marines - Vice Admirals Lonz
4%
Arabasta - Palace Staff Maidy
4%
Kage Kage no Mi Victims Margarita
4%
Big Mom Pirates - Captain's Homies Misery
4%
Zou - Citizens Miyagi
4%
Kozuki Family - Other Subordinates Mountain God
4%
Foxy Pirates - Former Mountain Ricky
4%
Marines - Vice Admirals Mozambia
4%
Whiskey Peak - Gravestone Mr. Sacrifice
4%
Sakura Kingdom Negikuma Maria
4%
Fake Straw Hat Crew Nora Gitsune
4%
Canon Novels Oliva
4%
Loguetown Packy
4%
Namakura Island - Harahettania Pekkori
4%
Giant Warrior Pirates Raideen
4%
Amazon Lily - Kuja Pirates Rindo
4%
Bellamy Pirates Rivers
4%
Marines - Lieutenants/Enigns Rokkaku
4%
World Government - Nobles Saint Jalmack
4%
Namakura Island - Long-Arm Tribe Sancrin
4%
Loguetown Sapi
4%
Lulusia Kingdom Seki
4%
Marines - Captains Sharinguru
4%
Ryugu Kingdom - Visitors Splash
4%
Kage Kage no Mi Victims Spoil
4%
Water 7 - Citizens Stevie
4%
Arlong Pirates Take
4%
Sakura Kingdom Tamachibi
4%
Roger Pirates Taro
4%
Shimotsuki Family Tera
4%
Revolutionary Army - Others Terry Gilteo
4%
Cocoyashi Village Teru
4%
Momoiro Island Tibany
4%
Skypiea - Rulers Ubau
4%
Marines - Other Low Ranking Ukkari
4%
Underworld Umit
4%
Island of Rare Animals Usagihebi
4%
Flying Pirates Vander Decken IX
4%
Dressrosa - Corrida Colosseum Acilia
3%
Ryugu Kingdom - Mermaid Cafe Adele
3%
Spade Pirates Aggie 68
3%
Arabasta - Citizens Agotogi
3%
Dressrosa - Corrida Colosseum Agyo
3%
Punk Hazard - Children Ally
3%
Loguetown Anjo
3%
Flying Pirates Ankoro
3%
Sabaody Archipelago - Citizens Antonio
3%
Lvneel Kingdom Aruyutayan V
3%
Marines - Other Low Ranking Asahija
3%
Arabasta - Citizens Aswa
3%
Zou - Citizens Bariete
3%
Reverie Participants Beer VI
3%
Sorbet Kingdom Bekori
3%
Ebisu Town Bingo
3%
Punk Hazard - Children Biyo
3%
Whitebeard Pirates - Subordinate Captains Blondie
3%
Ebisu Town Bongo
3%
Kid Pirates Boogie
3%
Thriller Bark pirates - Zombies Buhichuck
3%
Sorbet Kingdom Bulldog
3%
Ebisu Town Bungo
3%
Marines - Other High Ranking Candre
3%
Tontatta Pirates - Others Chao
3%
Charlotte Family Charlotte Basans
3%
Charlotte Family Charlotte Effilee
3%
Charlotte Family Charlotte Kanten
3%
Charlotte Family Charlotte Laurin
3%
Okobore Town Chocho
3%
Oniwabanshu Chome
3%
Heart Pirates Clione
3%
Ancient Shandia Coburn
3%
Dressrosa - Corrida Colosseum Damask
3%
Big Mom Pirates Diesel
3%
Kid Pirates Dive
3%
Beast Pirates - Headliners Dobon
3%
Foxy Pirates - Former Donovan
3%
Punk Hazard - Others Dragon Number Thirteen
3%
Marines - Vice Admirals Draw
3%
Whitebeard Pirates - Subordinate Captains Epoida
3%
Arabasta - Citizens Farafra
3%
Ryugu Kingdom - Mermaid Cafe Fillonce
3%
Spade Pirates Finamore
3%
Marines - Other Personnel Fishbonen
3%
Cover Story - Karakuri Galaxy
3%
Enies Lobby - Staff Gatherine
3%
Kid Pirates Gig
3%
Beast Pirates - Numbers Goki
3%
Whitebeard Pirates - Subordinate Captains Great Michael
3%
Heart Pirates Hakugan
3%
Oniwabanshu Hanzo
3%
Pirate the Kid Pirates Captured in the New World Haritsu Kendiyo
3%
Bellamy Pirates Hewitt
3%
Thriller Bark pirates - Zombies Hippo Gentleman
3%
Ryugu Kingdom - Mermaid Cafe Hiramera
3%
Kid Pirates Hop
3%
Arabasta - Palace Staff Hyota
3%
Beast Pirates - Numbers Inbi
3%
Tontatta Pirates - Recon Squad Inhel
3%
Beast Pirates - Numbers Jaki
3%
Mock Town - Citizens Jobo
3%
Enies Lobby - Staff Judge Jorge
3%
Krieg Pirates Kagikko
3%
Ryugu Kingdom - Mermaid Cafe Kairen
3%
Whitebeard Pirates - Subordinate Captains Karma
3%
Ancient Shandia Kashigami
3%
Oniwabanshu Kazekage
3%
Arabasta - Citizens Kebi
3%
Island of Rare Animals Kirinkodanuki
3%
Marines - Other Personnel Koda
3%
Water 7 - Franky Family Kop
3%
Spade Pirates Kotatsu
3%
Loguetown Koze
3%
Reverie Participants Lemoncheese
3%
Red Hair Fleet Linaria
3%
Underworld Lu Feld
3%
Beast Pirates - Gifters Madilloman
3%
Bellamy Pirates Mani
3%
Sabaody Archipelago - Slaves Marin
3%
Marines - Other Low Ranking Mashikaku
3%
Ryugu Kingdom - Mermaid Cafe Mero
3%
Spade Pirates Mihar
3%
Roger Pirates Millet Pine
3%
Goa Kingdom - Foosha Village Minatomo (East Blue)
3%
Flower Capital Minatomo (Wano)
3%
Thriller Bark pirates - Zombies MocDonald
3%
Kid Pirates Mosh
3%
Beast Pirates - Gifters Mouseman
3%
Skypiea - Skypieans Moyle
3%
Baroque Works - Millions Mr. Shimizu
3%
Bellamy Pirates Muret
3%
Big Mom Pirates - Homies Noble Croc
3%
Arabasta - Citizens Okame
3%
Amazon Lily - Citizens Pansy
3%
Sabaody Archipelago - Former Slaves Pascia
3%
Marines - G5 Base Pike
3%
Arabasta - Citizens Potsun
3%
Arabasta - Pirate Who Attacked Nanohana Puppu
3%
Big Mom Pirates - Homies Queen Mama Chanter
3%
Big Mom Pirates - Homies Rabiyan
3%
Oniwabanshu Raijin
3%
Tontatta Pirates - Chiefs Rampo
3%
Ohara - Archeologists Rint
3%
Zou - Guardians Roddy
3%
Ohara - Citizens Roji
3%
Dressrosa - Corrida Colosseum Rolling Logan
3%
Shimotsuki Family Roronoa Pinzoro
3%
Bellamy Pirates Ross
3%
Punk Hazard - Staff Run
3%
Spade Pirates Saber
3%
Goa Kingdom - Royalty Sarie Nantokanette
3%
Water 7 - Franky Family Schollzo
3%
Torino Kingdom Shanba
3%
Skypiea - Shandians Shandia Chief
3%
Arlong Pirates Shioyaki
3%
Giant Warrior Pirates Sig
3%
Punk Hazard - Staff Smooge
3%
Beast Pirates - Gifters Snakeman
3%
Beast Pirates - Headliners Solitaire
3%
Cover Story - Karakuri Spacey
3%
Dressrosa - Civilians Spartan
3%
Mock Town - Citizens Spector
3%
Roger Pirates Spencer
3%
Ryugu Kingdom - Visitors Splatter
3%
Sora, Warrior of the Sea Comic Stealth Black
3%
Macro Pirates Tansui
3%
Karakuri Island Taroimo
3%
Reverie Participants Tea IV
3%
Marines - Vice Admirals Tosa
3%
Thriller Bark pirates - Zombies Unigaro
3%
Marines - Vice Admirals Urban
3%
Punk Hazard - Children Uzu
3%
Spade Pirates Wallace
3%
Thriller Bark pirates - Zombies Wall Zombie
3%
Zou - Musketeers Yomo
3%
Arabasta - Citizens Yoshimoto
3%
Goa Kingdom - Nobles Ahho Zurako
2%
Marines - Rear Admirals Akehende
2%
Impel Down - Prisoners An Zengaiina
2%
Dressrosa - Civilians Aremo Ganmi
2%
Whitebeard Pirates - Subordinate Captains Arthur
2%
Marines - G5 Base Bakezo
2%
Roger Pirates Bankuro
2%
Kozuki Family - Other Retainers Banzaburo
2%
Spade Pirates Barry
2%
Tontatta Pirates - Recon Squad Baxcon
2%
Island of Rare Animals Bear-Tiger
2%
Impel Down - Prisoners Bellett
2%
Oniwabanshu Bishamon
2%
Whitebeard Pirates - Subordinate Captains Bizarre
2%
Roger Pirates Blumarine
2%
Whitebeard Pirates - Subordinate Captains Brew
2%
Beast Pirates - Headliners Briscola
2%
Whitebeard Pirates - Subordinate Captains Brocca
2%
Totto Land Buche
2%
Amigasa Village Bunbuku
2%
Ohara - Archeologists Busshiri
2%
Sabaody Archipelago - Former Slaves Byron
2%
Whitebeard Pirates - Subordinate Captains Cands
2%
Marines - Rear Admirals Catacombo
2%
Reverie Participants Cezar
2%
Punk Hazard - Staff Chappe
2%
Kano Kingdom Chichilisia
2%
Tontatta Pirates - Others Chicory
2%
Ancient Shandia Chiya
2%
Totto Land Choco Police
2%
Whitebeard Pirates - Subordinate Captains Choi
2%
Sorbet Kingdom Clapp
2%
Spade Pirates Cornelia
2%
Beast Pirates - Gifters Dachoman
2%
Marines - Commodores Daigin
2%
Oniwabanshu Daikoku
2%
Tontatta Pirates - Recon Squad Daikon
2%
Whitebeard Pirates - Subordinate Captains Delacuaji
2%
Sabaody Archipelago - Slaves Devil Dias
2%
Cover Story - Hot-Spring Island Dirt Boss
2%
Kid Pirates Disc J
2%
Spade Pirates Dogya
2%
Roger Pirates Doringo
2%
Island of Rare Animals Duck-Poodle
2%
Spade Pirates Ducky Bree
2%
Totto Land Eggplant Soldier
2%
Tontatta Pirates - Others Eikon
2%
Elbaf Eiri
2%
Whitebeard Pirates - Subordinate Captains Elmy
2%
Amazon Lily - Citizens Enishida
2%
Germa 66 - Citizens Eponi
2%
Roger Pirates Erio
2%
Punk Hazard - Staff Fen Bock
2%
Cover Story - Hot-Spring Island Forest Boss
2%
Momoiro Island Francois
2%
Oniwabanshu Fujin
2%
Roger Pirates | Spade Pirates Ganryu
2%
Underworld Giberson
2%
Punk Hazard - Children Ginko
2%
CP0 - Masked Assassins Gismonda
2%
Marines - Commanders Glove
2%
Cover Story - Sea Floor Stroll Goldfish Princess
2%
Tontatta Kingdom - Civilians Grabar
2%
Goa Kingdom - Foosha Village Gyoru
2%
Black Drum Kingdom Hakowan
2%
Water 7 - Citizens Happa Yamao
2%
Amigasa Village Hihimaru
2%
Man With the Burn Scar Hinokizu
2%
Zou - Rulers Hitsugisukan
2%
Ohara - Archeologists Hocha
2%
Lvneel Kingdom Honner
2%
Mimiwarigumi Hotei
2%
Marines - Vice Admirals Hototogisu
2%
Kid Pirates House
2%
Punk Hazard - Staff Hyoutauros
2%
Donquixote Pirates - Officers | Underworld Ibusu
2%
Water 7 - Citizens Ishigo Shitemanna
2%
Whitebeard Pirates - Subordinate Captains Islewan
2%
Thriller Bark pirates - Zombies Jack-in-the-Box
2%
Roger Pirates Jacksonbanner
2%
Impel Down - Prisoners Jean Goen
2%
Reverie Participants Jeep
2%
Marines - G5 Base Jero
2%
Authors Jew Wall
2%
Kozuki Family - Other Retainers Jibuemon
2%
Oniwabanshu Jigoku Benten
2%
Sabaody Archipelago - Citizens Judy
2%
Marines - Rear Admirals Kadar
2%
Water 7 - Citizens Kakukaku
2%
Beast Pirates - Others Kamijiro
2%
New Fish-Man Pirates - Others Kasagoba
2%
Zou - Guardians Keith
2%
Foxy Pirates - Former Kibagaeru
2%
Blackbeard Pirates - Others Kikipatsu
2%
Spade Pirates Kimel
2%
Whitebeard Pirates - Subordinate Captains Kinga
2%
Cross Guild - Members Kinoko
2%
Punk Hazard - Staff Kirintauros
2%
Flower Capital Kobe
2%
Marines - Other Personnel Komakkov
2%
Lulusia Kingdom Komane
2%
Punk Hazard - Children Konbu
2%
Wano - Others Kotetsu
2%
Spade Pirates Kukai
2%
Kumadori's Mother Kumadori Yamanbako
2%
Beast Pirates - Numbers Kunyun
2%
Marines - Other High Ranking Kurouma
2%
Amigasa Village Kurozumi Tama
2%
Marines - Other Personnel Kyuji
2%
Water 7 - Citizens Kyukyu
2%
Sabaody Archipelago - Former Slaves Lacuba
2%
Spade Pirates Leonero
2%
Marines - Other Low Ranking Lines
2%
Ryugu Kingdom - Mermaid Cafe Lulis
2%
Marines - Lieutenants/Enigns Makko
2%
Ryugu Kingdom - Citizens Maria Napole
2%
Skypiea - Skypieans Marilyn
2%
Dressrosa - Civilians Mario
2%
Skypiea - Shandians Mayushika
2%
Dressrosa - Corrida Colosseum Meadows
2%
Water 7 - Pirate Defeated By Galley-La Mikazuki
2%
Beast Pirates - Headliners Mizerka
2%
Ohara - Citizens Mizuira
2%
Roger Pirates Moon Isaac Jr.
2%
Reverie Participants Mororon
2%
Impel Down - Staff Muchana
2%
Beast Pirates - Numbers Nangi
2%
Arabasta - Citizens Natto
2%
Marines - Vice Admirals Nazu Ketagari
2%
Amazon Lily - Citizens Nerine
2%
Whitebeard Pirates - Subordinate Captains Ninth
2%
Tontatta Pirates - Others Nubon
2%
Germa 66 - Citizens Nyasha
2%
Mock Town - Pirates Okome
2%
Spade Pirates Ossamondo
2%
Whitebeard Pirates - Subordinate Captains Palms
2%
Ryugu Kingdom - Citizens Papaneel
2%
Bonney Pirates Part
2%
Tontatta Pirates - Others Pellini
2%
Roger Pirates Petermoo
2%
Kid Pirates Pomp
2%
Kid Pirates Quincy
2%
Beast Pirates - Gifters Rabbitman
2%
Whitebeard Pirates - Subordinate Captains Ramba
2%
Marines - Captains Ratel
2%
Reporter on Sabaody Reuder
2%
Ohara - Archeologists Roche
2%
Beast Pirates - Numbers Rokki
2%
Shimotsuki Family Roronoa Arashi
2%
Thriller Bark pirates - Zombies Rug Bear
2%
Whitebeard Pirates - Subordinate Captains Rush
2%
Kurozumi Family - Fude Fude no Mi Ryunosuke
2%
Ebisu Town Saki
2%
Flower Capital Sarahebi
2%
Oniwabanshu Sarutobi
2%
Roger Pirates Seagull Guns Nozdon
2%
Ryugu Kingdom - Mermaid Cafe Seira
2%
Marines - Other Low Ranking Shine
2%
Marines - Rear Admirals Sicily
2%
Foxy Pirates - Former Sonieh
2%
Whitebeard Pirates - Other Members Tate
2%
Reverie Participants - Former Thalassa Lucas
2%
Bonney Pirates Totts
2%
Momoiro Island Tsunokkov
2%
Okobore Town Tsurujo
2%
Dressrosa - Civilians Uhho
2%
Kano Kingdom Uholisia
2%
Arabasta - Citizens Ultraking
2%
Flower Capital Urashima
2%
Momoiro Island Usakkov
2%
Zou - Citizens Wany
2%
Skypiea - Shandians Warashi
2%
Marines - Commodores Yarisugi
2%
Skypiea - Shandians Yotsubane
2%
Roger Pirates Yui
2%
Ohara - Archeologists Zadie
2%
Beast Pirates - Numbers Zanki
2%
Whitebeard Pirates - Subordinate Captains Agsilly
1%
Goa Kingdom - Nobles Ahho Desunen IX
1%
Whitebeard Pirates - Subordinate Captains Amadob
1%
Flower Capital Asashichi
1%
Joke Characters Ayese Mar
1%
Whitebeard Pirates - Subordinate Captains Baggaley
1%
Sabaody Archipelago - Citizens Beak Remark
1%
Cover Story - Pucci Bimine
1%
Beast Pirates - Gifters Caimanlady
1%
Roger Pirates CB Gallant
1%
Robin's Former Associates Chesskippa
1%
Flower Capital Chuji
1%
Whitebeard Pirates - Subordinate Captains Colscon
1%
Reverie Participants Couran
1%
Big Mom Pirates - Homies Crane
1%
Monsters One Shot Cyrano
1%
Ryugu Kingdom - Citizens Daidalos
1%
Impel Down - Prisoners Dobby Ibadonbo
1%
Impel Down - Prisoners Doha Ittanka II
1%
Joke Characters Domo-kun
1%
Beast Pirates - Waiters Donannoyo
1%
Roger Pirates Donquino
1%
Kage Kage no Mi Victims Egana
1%
Dressrosa - Civilians Esta
1%
Monsters One Shot Flare
1%
Whitebeard Pirates - Subordinate Captains Forliewbs
1%
Former Daimyo Fugetsu Omusubi
1%
Reverie Participants Furrari
1%
Cover Story - Rebel Leader Gaburu
1%
Faces on Berry Bills Gaikotsu Yukichi
1%
Mimiwarigumi Gangaru
1%
Mimiwarigumi Garudan
1%
Impel Down - Prisoners George Black
1%
Beast Pirates - Others Gorishiro
1%
Whitebeard Pirates - Subordinate Captains Hangan
1%
Flower Capital | Udon Prisoners Hanji
1%
Whitebeard Pirates - Subordinate Captains Happygun
1%
New Fish-Man Pirates - Others Harisenbon
1%
Mimiwarigumi Hatsume
1%
Mimiwarigumi Himuro
1%
Beast Pirates - Waiters Hippan Natte
1%
Mt. Atama Theives Home
1%
Spade Pirates Hublot
1%
Sabaody Archipelago - Citizens Humphrey
1%
Beast Pirates - Waiters Ibiributsu
1%
Reverie Participants Iwatobi
1%
Oniwabanshu Jizo
1%
Egghead - Others Joshu
1%
Whitebeard Pirates - Subordinate Captains Julius
1%
Ryugu Kingdom - Citizens Junan
1%
Sabaody Archipelago - Citizens Kairiken
1%
Impel Down - Prisoners Kairo Kureyo
1%
Robin's Former Associates Kanezenny
1%
Whitebeard Pirates - Subordinate Captains Kechatch
1%
Marines - Commodores Kibin
1%
Flower Capital Kisegawa
1%
Kozuki Family - Other Subordinates Kojuro
1%
Kozuki Family - Other Subordinates Koyama
1%
Faces on Berry Bills Kumaguchi Ichiro
1%
Kyoshiro Family Kuni
1%
Yakuza Bosses Kurokoma
1%
Lulusia Kingdom Kurotsuru
1%
Cover Story - Pucci Marumieta
1%
Beast Pirates - Waiters Massui
1%
Tontatta Pirates - Others Maujii
1%
Roger Pirates MAX Marx
1%
Egghead - Creations Mecha-Shark
1%
Joke Characters Mikio Itoo
1%
Dressrosa - Civilians Milo
1%
Sabaody Archipelago - Citizens Minoruba
1%
Water 7 - Citizens Mishoin Cashible
1%
Rumbar Pirates Mizuta Mawaritosuki
1%
Kid Pirates Moai
1%
Zou - Citizens Monjii
1%
Reverie Participants Moqueca
1%
Roger Pirates Mr. Momora
1%
Roger Pirates Mugren
1%
Dressrosa - Civilians Mukkashimi Tower
1%
Reverie Participants Nashi
1%
Reverie Participants Neggy
1%
Beast Pirates - Waiters Neoki
1%
Robin's Former Associates Nigeratta
1%
Joke Characters Nnke-kun
1%
Beast Pirates - Waiters Nodoi Wakan
1%
Beast Pirates - Waiters Nokotti
1%
Whitebeard Pirates - Subordinate Captains Nosgarl
1%
Beast Pirates - Gifters Nure-Onna
1%
Sphinx Island Oide
1%
Yakuza Bosses Omasa
1%
Impel Down - Prisoners Pankuta Dakeyan
1%
Kid Pirates Papas
1%
Whitebeard Pirates - Subordinate Captains Pavlik
1%
Reverie Participants Potaufeu
1%
Canon Novels Raccoon
1%
Roger Pirates Rangram
1%
Kid Pirates Reck
1%
Whitebeard Pirates - Subordinate Captains Reforte
1%
Impel Down - Prisoners Roche Tomson
1%
Shimotsuki Family Roronoa Furiko
1%
Roger Pirates Rowing
1%
World Government - Nobles Saint Pluming
1%
Reverie Participants Samosa
1%
Reverie Participants Sauce
1%
Cover Story - Karakuri Seamars
1%
Big Mom Pirates - Homies Seducing Woods
1%
Dressrosa - Civilians Shin Detamaruka
1%
Dressrosa - Civilians Shin Jaiya
1%
Amazon Lily - Citizens Shion
1%
Whitebeard Pirates - Subordinate Captains Sleepy
1%
Flower Capital Some
1%
Marines - Lieutenants/Enigns Stalker
1%
Joke Characters Stefan
1%
Sakura Kingdom Stool
1%
Reverie Participants Stroganoff
1%
Kyoshiro Family Suke
1%
Impel Down - Staff Sukoshiba Kanishitoru
1%
Dressrosa - Civilians Tegata Ringana
1%
Udon Prisoners Tetsu
1%
Ryugu Kingdom - Citizens Togare
1%
Cover Story - Karakuri Tsukimi
1%
Yakuza Bosses Tsunagoro
1%
Joke Characters Unforgivable Mask
1%
Whitebeard Pirates - Subordinate Captains Vitan
1%
Whitebeard Pirates - Subordinate Captains Wallem
1%
Law's Flashback Wellington
1%
Reverie Companions Wheel
1%
Authors Willie Gallon
1%
Roger Pirates Yamon
1%
Yakuza Bosses Yatappe
1%
Oniwabanshu Yazaemon
1%
Cover Story - Tulip Pirates Yurikah
1%
Whitebeard Pirates - Subordinate Captains Zodia
1%
Marines - Lieutenants/Enigns Zotto
1%
Whitebeard Pirates - Subordinate Captains Zucca
1%
Flower Capital Akudai Kanzaburo
0%
Bakura Town Atagoyama
0%
Ebisu Town Azuki
0%
Reverie Participants Ban Dedesshinee
0%
Flower Capital Chihaya
0%
Kozuki Family - Other Subordinates Dotaku
0%
Wano - Others Fugetsu Kisaburo
0%
Head of the Oniwabanshu's Sister Fukumi
0%
Wano - Others Gama Pyonnosuke
0%
Ebisu Town Genrin
0%
Flower Capital Ginnosuke
0%
Flower Capital Giro Chintaro
0%
Okobore Town Gorobe
0%
Udon Prisoners Hareji
0%
Kozuki Family - Other Subordinates Hidayu
0%
Bakura Town Hiroshi
0%
Kurozumi Family - Retainers Hoisassa
0%
Bakura Town Inoichibannosuke
0%
Flower Capital Inukai
0%
World Economic Journal Iyan'eno Chinode
0%
Shimotsuki Family - Subordinate Jigokukamabuta Megatenpanchiro
0%
Kozuki Family - Other Subordinates Jujiro
0%
Kozuki Family - Other Subordinates Kagero
0%
Kozuki Family - Other Subordinates Kakunoshin
0%
Flower Capital Kamekichi
0%
Wano - Others Katsuzo
0%
Kurozumi Family - Fude Fude no Mi Kazenbo
0%
Okobore Town Kinbo
0%
Ebisu Town Koito
0%
Flower Capital Kumagoro
0%
Kozuki Family - Other Subordinates Kurosawa
0%
Reverie Companions Matryosaka
0%
Reverie Companions Matryoseka
0%
Reverie Companions Matryosoka
0%
Reverie Companions Matryosuka
0%
Rumbar Pirates Mizuta Madaisuka
0%
Kozuki Family - Other Subordinates Monjiro
0%
Kurozumi Family - Fude Fude no Mi Nekozaemon
0%
Ebisu Town Noriko
0%
Kurozumi Family - Fude Fude no Mi Nuke Suzume
0%
Beast Pirates - Waiters Pudos
0%
Flower Capital Rakuda
0%
Egghead - Creations Recycle-Wan
0%
Bakura Town Saikoro
0%
Flower Capital Sandayu
0%
Cover Story - Sea Floor Stroll Seaboar
0%
Flower Capital Sennorikyuru
0%
Cover Story - Dying Instructor Serizawa
0%
Kozuki Family - Other Subordinates Shinosuke
0%
Oniwabanshu - Pets Sugamichi
0%
Kozuki Family - Other Subordinates Tabuhachiro
0%
Flower Capital Takao
0%
Beast Pirates - Gifters Tenjo-Sagari
0%
Flower Capital Tokijiro
0%
Kurozumi Family - Fude Fude no Mi Torasaburo
0%
Flower Capital Toyama Tsujigiro
0%
Reverie Companions Tritobu
0%
Flower Capital Tsugaru Umi
0%
Flower Capital Tsurue Monnosuke
0%
Kozuki Family - Other Subordinates Ukon
0%
Faces on Berry Bills Usaguchi Hideo
0%
Beast Pirates - Waiters Uwattsura
0%
Udon Prisoners Uzuki Namida
0%
Former Daimyo Uzuki Tempura
0%
Kid's Childhood Friend Victoria Shiruton Doruyanaika
0%
Bakura Town Wakasa
0%
Beast Pirates - Gifters Wanyudo
0%
Oniwabanshu - Pets Warazane
0%
Flower Capital Waruno Furishiro
0%
Okobore Town Yame
0%
Cover Story - Pucci Yamenahare
0%
Bakura Town Yokan
0%
Udon Prisoners Zangirimaru
0%
No matching quizzes found
Score Distribution
Percent of People with Each Score
Percentile by Number Answered
Your Score History
You have not taken this quiz